Statystyki dla Państwa najdalej od Stanów Zjednoczonych

Kliknij tutaj aby rozwiązać quiz!

Ogólne statystyki

  • Ten quiz został rozwiązany 11 401 razy
  • Średni wynik to 12 z 20

Statystyki odpowiedzi

kmPaństwo% Poprawnych
11,948Republika Południowej Afryki
96%
13,007Madagaskar
77%
12,590Lesotho
69%
10,546Kenia
65%
10,953Zambia
62%
11,574Zimbabwe
62%
11,861Mozambik
61%
10,687Tanzania
61%
10,507Namibia
60%
10,658Somalia
60%
12,629Eswatini
59%
11,286Botswana
57%
12,164Seszele
57%
10,353Uganda
52%
12,497Komory
50%
13,018Mauritius
50%
10,636Rwanda
48%
11,536Malawi
41%
10,698Burundi
40%
10,513Dżibuti
37%

Rozkład punktacji

Percentyl według liczby udzielonych odpowiedzi

Procent ludzi z każdym wynikiem

Twoja historia wyników

Nie rozwiązałeś tego quizu